000 00472nam a2200205Ia 4500
005 20250425162250.0
008 250425s9999 xx 000 0 und d
041 _aspa
082 _a863.69866
100 _aDESCALZI, RICARDO
245 0 _aSALOYA
250 _a2A ED.
260 _aEcuador
_bCASA DE LA CULTURA ECUATORIANA
_c1959
260 _aGUAYAQUIL
300 _a180
650 _aNOVELA
650 _aNOVELA ECUATORIANA
942 _c01
010 _a59187
999 _c225698
_d225698